World Rally Champions - Statistics

General Stats
  • This quiz has been taken 1,580 times
    965 since last reset
  • The average score is 29 of 44
Answer Stats
Season Driver Car % Correct
2012 Sébastien Loeb Citroen DS3 WRC
91%
2011 Sébastien Loeb Citroen DS3 WRC
91%
2010 Sébastien Loeb Citroen C4 WRC
91%
2009 Sébastien Loeb Citroen C4 WRC
91%
2008 Sébastien Loeb Citroen C4 WRC
91%
2007 Sébastien Loeb Citroen C4 WRC
91%
2006 Sébastien Loeb Citroen Xsara WRC
91%
2005 Sébastien Loeb Citroen Xsara WRC
91%
2004 Sébastien Loeb Citroen Xsara WRC
91%
2020 Sébastien Ogier Toyota Yaris WRC
87%
2018 Sébastien Ogier Ford Fiesta WRC
87%
2017 Sébastien Ogier Ford Fiesta WRC
87%
2016 Sébastien Ogier Volkswagen Polo R WRC
87%
2015 Sébastien Ogier Volkswagen Polo R WRC
87%
2014 Sébastien Ogier Volkswagen Polo R WRC
87%
2013 Sébastien Ogier Volkswagen Polo R WRC
87%
1995 Colin McRae Subaru Impreza 555
81%
1992 Carlos Sainz Toyota Celica Turbo 4WD
80%
1990 Carlos Sainz Toyota Celica GT-Four
80%
2019 Ott Tänak Toyota Yaris WRC
72%
1999 Tommi Mäkinen Mitsubishi Lancer Evolution
64%
1998 Tommi Mäkinen Mitsubishi Lancer Evolution
64%
1997 Tommi Mäkinen Mitsubishi Lancer Evolution
64%
1996 Tommi Mäkinen Mitsubishi Lancer Evolution
64%
2003 Petter Solberg Subaru Impreza WRC
63%
2002 Marcus Grönholm Peugeot 206 WRC
58%
2000 Marcus Grönholm Peugeot 206 WRC
58%
2001 Richard Burns Subaru Impreza WRC
57%
1993 Juha Kankkunen Toyota Celica Turbo 4WD
55%
1991 Juha Kankkunen Lancia Delta Intergrale 16v
55%
1987 Juha Kankkunen Lancia Delta HF 4WD
55%
1986 Juha Kankkunen Peugeot 205 Turbo 16
55%
1981 Ari Vatanen Ford Escort RS1800
50%
1982 Walter Röhrl Opel Ascona 400
50%
1980 Walter Röhrl Fiat 131 Abarth
50%
1994 Didier Auriol Toyota Celica Turbo 4WD
44%
1983 Hannu Mikkola Audi Quattro
35%
1978 Markku Alén Fiat 131 Abarth
35%
1984 Stig Blomqvist Audi Quattro
35%
1989 Miki Biasion Lancia Delta Intergrale
34%
1988 Miki Biasion Lancia Delta Intergrale
34%
1985 Timo Salonen Peogeot 205 Turbo 16
34%
1979 Björn Waldegård Ford Escort RS1800
27%
1977 Sandro Munari Lacia Stratos HF
27%
No matching quizzes found
Score Distribution
Percent of People with Each Score
Percentile by Number Answered
Your Score History
You have not taken this quiz since the last reset